000 00701cam a2200217 a 4500
003 CO-ViMGA
005 20230915232209.0
008 020623s2002 ck a jr 00010 spa d
020 _a9781445445410
040 _aCO-ViMGA
_bspa
_cCO-ViMGA
082 0 4 _aI649.1
_bR16v
100 1 _aRandall, Ronne
_92080
245 1 0 _aVamos al médico /
_cRonne Randall ; ilustraciones de Sue King.
260 _aBarcelona :
_bParragon,
_c2011.
300 _a30 p. :
_bil. ;
_c24 cm.
500 _aContiene mas de 50 stickers
650 1 4 _aLiteratura infantil.
_9827
650 1 4 _aNiños
_x Cuidado e higiene
_x Literatura infantil.
_91285
700 1 _aVallejo, Esperanza,
_d1951-,
_eil.
_92081
942 _2ddc
_cBK
999 _c33698
_d33698